Direct Flights from Canada - Statistics

General Stats
  • This quiz has been taken 279 times
  • The average score is 56 of 64
Answers on the Map
Answers color-coded by a green-red scale on the quiz's map according to % correct below.
 
Answer Stats
Answer % Correct
Mexico
100%
United States
100%
Australia
99%
Brazil
99%
China
99%
France
99%
Germany
99%
Italy
99%
Japan
99%
Portugal
99%
Spain
99%
United Kingdom
99%
Ireland
98%
Denmark
97%
Poland
97%
Switzerland
97%
Belgium
96%
Colombia
96%
Iceland
96%
Netherlands
96%
Peru
96%
South Korea
96%
Sweden
96%
Chile
95%
Cuba
95%
India
95%
Austria
94%
Canada
94%
Greece
94%
New Zealand
94%
Panama
94%
Turkey
94%
Bahamas
93%
Dominican Republic
93%
Egypt
92%
Morocco
92%
Costa Rica
90%
Haiti
90%
Jamaica
90%
Philippines
89%
Thailand
89%
United Arab Emirates
87%
Singapore
84%
Belize
83%
Qatar
83%
El Salvador
82%
Honduras
82%
Barbados
79%
Israel
79%
Saint Lucia
79%
Taiwan
79%
Algeria
78%
Saint Vincent and the Grenadines
76%
Trinidad and Tobago
76%
Saint Kitts and Nevis
75%
Antigua and Barbuda
74%
Tunisia
72%
Grenada
70%
Ethiopia
68%
Croatia
65%
Jordan
65%
Pakistan
65%
Fiji
64%
Guyana
63%
No matching quizzes found
Score Distribution
Percent of People with Each Score
Percentile by Number Answered
Your Score History
You have not taken this quiz